000 00858nam a2200229Ia 4500
001 21483
003 GE_BSU
008 181216s||||||||xx |||||||||||||| ||und||
040 _cGE_BSU
245 _aСоциальная педагогика. №4-5. 2016
245 _bпрактический журнал для социальных работников и педагогов
245 _cГл. ред. Л. Олиференко
260 _aМосква
260 _bНародное образование
260 _c2016
300 _a144 стр. 29 см.
653 _aПериодика
653 _aпрактический журнал для социальных работников и педагогов
653 _aСоциальная педагогика. №4-5. 2016
653 _aპერიოდიკა
942 _cCR
999 _c54427
_d54427